| 000 | 006370000a22002170004500 | ||
|---|---|---|---|
| 003 | LK-CoMWRAF | ||
| 005 | 20231106133517.0 | ||
| 008 | 230817t1976 ||||| |||| 00| 0 eng d | ||
| 040 |
_aLK-CoMWRAF _dLK-CoMWRAF _eLK-CoMWRAF |
||
| 041 | _aeng | ||
| 082 |
_a954.93 _bMAR |
||
| 100 | _aMarikar, A. I. L. | ||
| 245 | _aGlimpses from the past of the Moors of Sri Lanka | ||
| 260 |
_aColombo: _bMoors' Islamic cultural home, _c[1976] |
||
| 300 | _avii, 224 p. : ill. ; 20 cm. | ||
| 650 | _aMuslims -- Sri Lanka -- History | ||
| 650 | _aSri Lanka -- History | ||
| 700 | _aLafir, A. L. M. | ||
| 700 | _aMarkar, A. H. Macan | ||
| 942 | _cBK | ||
| 999 |
_c2339 _d2339 |
||